00193nam a2200073Ia 4500008004100000100002000041245003400061260002400095190216s9999||||xx |||||||||||||| ||und|| aDimand King Hel 0aShelley His Thought And Works bMacmillan India Ltd